000 00601nam a22001937a 4500
003 OSt
005 20151130174947.0
008 151130b xxu||||| |||| 00| 0 eng d
020 _a0750705949
040 _cDDC.
082 _a372CHI 1997.
100 _aEdited by Polland ,Andrew;Thiessen,Dennis;Filer Ann.
_96425
245 _aChildren and their Curriculum.
_bThe Perspective of Primary and Elementary School Children.
260 _aLondon.
_bThe Falmer Press.
_c1997.
300 _avii,206p;
_bill:
_c23cm.
504 _aincludes index.
650 _aChildren Curriculum.
_96426
942 _2ddc
_cSLOAN
999 _c2764
_d2764